header

Stress (Record no. 123061)

MARC details
000 -LEADER
fixed length control field 01379nam a2200337 a 4500
082 04 - DEWEY DECIMAL CLASSIFICATION NUMBER
Classification number 616.9/8023
245 00 - TITLE STATEMENT
Title Stress
260 ## - PUBLICATION, DISTRIBUTION, ETC. (IMPRINT)
Place of publication Santa Monica, CA :
Name of publisher Rand,
Year of publication 1999.
300 ## - PHYSICAL DESCRIPTION
Number of Pages xxv, 118 p.
490 0# - SERIES STATEMENT
Series statement Gulf War illnesses series: a review of the scientific literature as it pertains to Gulf War illnesses ;
500 ## - GENERAL NOTE
General note "MR-1018-OSD."
General note "Prepared for the Office of the Secretary of Defense, National Defense Research Institute."
650 #0 - SUBJECT ADDED ENTRY--TOPICAL TERM
Topical Term Persian Gulf syndrome.
Topical Term Stress (Psychology)
700 1# - ADDED ENTRY--PERSONAL NAME
Personal name Marshall, Grant N.,
856 40 - ELECTRONIC LOCATION AND ACCESS
Uniform Resource Identifier http://site.ebrary.com/lib/rucke/Doc?id=2004599

No items available.

© 2026 Rongo University
Contact us: librarian | system librarian | Rongo university